La forma proemiale : storiografia e pubblico nel mondo antico /
Saved in:
| Main Author: | |
|---|---|
| Format: | Book |
| Language: | Italian |
| Published: |
Pisa :
Scuola normale superiore,
1997.
|
| Series: | Pubblicazioni della Classe di lettere e filosofia, Scuola normale superiore, Pisa ;
18. |
| Subjects: | |
| Tags: |
Add Tag
No Tags, Be the first to tag this record!
|
| LEADER | 00908cam a2200265 a 4500 | ||
|---|---|---|---|
| 001 | 007765357-2 | ||
| 005 | 20060425141843.0 | ||
| 008 | 980526s1997 it b 000 0 ita d | ||
| 020 | |a 887642069X | ||
| 035 | 0 | |a ocm39195757 | |
| 035 | 1 | |a MIUGASF8678B | |
| 040 | |a C3L |c C3L |d EYM | ||
| 050 | 4 | |a D | |
| 082 | 1 | 4 | |a 907 |
| 100 | 1 | |a Porciani, Leone. | |
| 245 | 1 | 3 | |a La forma proemiale : |b storiografia e pubblico nel mondo antico / |c Leone Porciani. |
| 260 | |a Pisa : |b Scuola normale superiore, |c 1997. | ||
| 300 | |a x, 190 p. ; |c 25 cm. | ||
| 490 | 1 | |a Pubblicazioni della Classe di lettere e filosofia, Scuola normale superiore, Pisa ; |v 18 | |
| 504 | |a Includes bibliographical references (p. [175]-188) | ||
| 650 | 0 | |a Historiography |z Greece. | |
| 650 | 0 | |a Historiography |z Rome. | |
| 830 | 0 | |a Pubblicazioni della Classe di lettere e filosofia, Scuola normale superiore, Pisa ; |v 18. | |
| 988 | |a 20020608 | ||
| 906 | |0 RLIN | ||


